The social network / Columbia Pictures presents in association with Relativity Media.
On a fall night in 2003, Harvard undergrad and computer programming genius Mark Zuckerberg sits down at his computer and heatedly begins working on a new idea. In a fury of blogging and programming, what begins in his dorm room soon becomes a global social network and a revolution in communication. A mere six years and 500 million friends later, Zuckerberg is the youngest billionaire in history, but for this entrepreneur, success leads to both personal and legal complications.
Record details
- Physical Description: 2 Blu-ray discs (ca. 120 min. (feature only)) : sd., col. ; 4 3/4 in.
- Publisher: [Australia] : Sony Pictures Home Entertainment [distributor], c2011.
Content descriptions
| General Note: | Based upon the book: The accidental billionaires by Ben Mezrich. Originally released as a motion picture in 2010. |
| Formatted Contents Note: | Disc 1. The film -- disc 2. The supplements. |
| Creation/Production Credits Note: | Produced by Scott Rudin, Dana Brunetti, Michael De Luca ; directed by David Fincher ; music, Trent Reznor, Atticus Ross ; screenplay by Aaron Sorkin. |
| Participant or Performer Note: | Jesse Eisenberg, Andrew Garfield, Armie Hammer, Max Minghella, Justin Timberlake. |
| Target Audience Note: | M - Suitable for mature audiences 16 years and over. NOTE: Contains offensive language. |
| System Details Note: | Blu-ray disc. |
| Language Note: | In English, with optional English subtitles for the hearing impaired. |
| Source of Description Note: | Catalogue from container. |
Search for related items by subject
| Subject: | Zuckerberg, Mark, 1984- > Film adaptations. Facebook (Firm) > Drama. College students > Drama. Social networks > Drama. |
| Genre: | Video recordings for the hearing impaired. Film adaptations. Feature films. Biographical films. |
| LDR | 02859ngm a2200565Ma 4500 | ||
|---|---|---|---|
| 001 | 143950 | ||
| 003 | CONS | ||
| 005 | 20170712125940.0 | ||
| 008 | 130808s2011 at 120 vleng d | ||
| 007 | vd csaizq | ||
| 024 | 8 | . | ‡a9317731084294 |
| 028 | 4 | 0. | ‡aBD70360 ‡bSony Pictures Home Entertainment |
| 028 | 4 | 0. | ‡a870360/1-2 ‡bColumbia Pictures |
| 035 | . | ‡a(CPomAG)LMN600649 | |
| 245 | 0 | 4. | ‡aThe social network / ‡cColumbia Pictures presents in association with Relativity Media. |
| 260 | . | ‡a[Australia] : ‡bSony Pictures Home Entertainment [distributor], ‡cc2011. | |
| 300 | . | ‡a2 Blu-ray discs (ca. 120 min. (feature only)) : ‡bsd., col. ; ‡c4 3/4 in. | |
| 500 | . | ‡aBased upon the book: The accidental billionaires by Ben Mezrich. | |
| 500 | . | ‡aOriginally released as a motion picture in 2010. | |
| 538 | . | ‡aBlu-ray disc. | |
| 588 | . | ‡aCatalogue from container. | |
| 505 | 0 | . | ‡aDisc 1. The film -- disc 2. The supplements. |
| 511 | 1 | . | ‡aJesse Eisenberg, Andrew Garfield, Armie Hammer, Max Minghella, Justin Timberlake. |
| 508 | . | ‡aProduced by Scott Rudin, Dana Brunetti, Michael De Luca ; directed by David Fincher ; music, Trent Reznor, Atticus Ross ; screenplay by Aaron Sorkin. | |
| 520 | . | ‡aOn a fall night in 2003, Harvard undergrad and computer programming genius Mark Zuckerberg sits down at his computer and heatedly begins working on a new idea. In a fury of blogging and programming, what begins in his dorm room soon becomes a global social network and a revolution in communication. A mere six years and 500 million friends later, Zuckerberg is the youngest billionaire in history, but for this entrepreneur, success leads to both personal and legal complications. | |
| 521 | . | ‡aM - Suitable for mature audiences 16 years and over. NOTE: Contains offensive language. | |
| 546 | . | ‡aIn English, with optional English subtitles for the hearing impaired. | |
| 600 | 1 | 0. | ‡aZuckerberg, Mark, ‡d1984- ‡vFilm adaptations. |
| 610 | 2 | 0. | ‡aFacebook (Firm) ‡vDrama. |
| 650 | 0. | ‡aCollege students ‡vDrama. | |
| 650 | 0. | ‡aSocial networks ‡vDrama. | |
| 655 | 7. | ‡aVideo recordings for the hearing impaired. ‡2lcgft | |
| 655 | 7. | ‡aFilm adaptations. ‡2lcgft | |
| 655 | 7. | ‡aFeature films. ‡2lcgft | |
| 655 | 7. | ‡aBiographical films. ‡2lcgft | |
| 700 | 1 | . | ‡aSorkin, Aaron. |
| 700 | 1 | . | ‡aFincher, David. |
| 700 | 1 | . | ‡aRudin, Scott, ‡d1958- |
| 700 | 1 | . | ‡aEisenberg, Jesse, ‡d1983- |
| 700 | 1 | . | ‡aGarfield, Andrew, ‡d1983- |
| 700 | 1 | . | ‡aHammer, Armie, ‡d1986- |
| 700 | 1 | . | ‡aMinghella, Max, ‡d1985- |
| 700 | 1 | . | ‡aTimberlake, Justin, ‡d1981- |
| 700 | 1 | . | ‡aReznor, Trent. |
| 700 | 1 | . | ‡aRoss, Atticus, ‡d1968- |
| 700 | 1 | . | ‡aMezrich, Ben, ‡d1969- ‡tAccidental billionaires. |
| 710 | 2 | . | ‡aColumbia Pictures. |
| 710 | 2 | . | ‡aRelativity Media. |
| 959 | . | ‡i32269001032260 ‡lDVD Soc ‡aAdult - DVD ‡tDVD ‡g16.00 | |
| 852 | . | ‡p32269001032260 ‡jDVD Soc ‡gAdult - DVD ‡cDVD ‡y16.00 ‡bSBPL | |
| 901 | . | ‡a143950 ‡bUnknown ‡c143950 ‡tbiblio | |